000 00625nam a22001937a 4500
008 160921b xxu||||| |||| 00| 0 eng d
020 _a13978007337584
020 _a100073375845
050 _aHD 139
_b.G85 2010
100 _aGujarati, Damodor N.
245 _aEssential of econometrics/
_cDamodar N. Gujarati and Dawn C. Porter
250 _a4th ed.
260 _aBoston :
_bMcGraw hill;
_c2010.
300 _axxii,554p. :ill. ;
_bIncludes index
_c19cm
650 _aEconometrics.
650 _aEconomics
_xstatistical methods.
700 _aPorter, Dawn C.
942 _2lcc
_cBOOKS
_hHG 139 .G85 2010
_06
999 _c13947
_d13947